| 000 | 00631nam a2200157 i 4500 | ||
|---|---|---|---|
| 001 | 45960 | ||
| 003 | ES-MaACL | ||
| 005 | 20230906161315.0 | ||
| 007 | t| | ||
| 008 | 030327s1958 be ||||1| fre d | ||
| 110 | 2 |
_aCommunauté Européenne de l'Energie Atomique. _93109 |
|
| 245 | 1 | 0 |
_aEuraton La Commission _b: premier rapport general sur l'activité de la Communauté (janvier 1958- septembre 1958) / _cCommunauté Europeenne de l'Energie Atomique. |
| 260 |
_a[S.l. : _bs.n., _c1958] ( _eBruxelles : _fService des Publications des Communautes Europeennes) |
||
| 300 |
_a84 p. ; _c23 cm. |
||
| 852 |
_aES-MaACL _j2014-F-16 _bR.43723 |
||
| 999 |
_c45960 _d45960 |
||